000 00461cam a2200169 4500
001 D10238
008 090401t xxu||||| |||| 00| 0 eng d
035 _a(Sirsi) u94513
041 _aeng
050 _a711.14
100 _aBlessley, Kenneth Harry
245 _aLand - the scarce commodity
350 _a0
520 _aIn: RICS. Public Officers Committee. Value for money - the economics of land and building... 1971/45
942 _n0
948 _c04/03/1997
999 _c98065
_d98065